<?xml version="1.0" encoding="UTF-8"?>
<record
    xmlns:xsi="http://www.w3.org/2001/XMLSchema-instance"
    xsi:schemaLocation="http://www.loc.gov/MARC21/slim http://www.loc.gov/standards/marcxml/schema/MARC21slim.xsd"
    xmlns="http://www.loc.gov/MARC21/slim">

  <leader>00647nam a22001337a 4500</leader>
  <datafield tag="040" ind1=" " ind2=" ">
    <subfield code="c">RUA</subfield>
  </datafield>
  <datafield tag="082" ind1=" " ind2=" ">
    <subfield code="a">AED KHA 2010 B245 Or.1</subfield>
  </datafield>
  <datafield tag="100" ind1=" " ind2=" ">
    <subfield code="a">KHAN, THON.</subfield>
  </datafield>
  <datafield tag="245" ind1=" " ind2=" ">
    <subfield code="a">The study on rural socio-economics in kong chey commune,ou reang ov district, kampong cham province, &#x1780;&#x17B6;&#x179A;&#x179F;&#x17B7;&#x1780;&#x17D2;&#x179F;&#x17B6;&#x1796;&#x17B8;&#x179F;&#x17C1;&#x178A;&#x17D2;&#x178B;&#x1780;&#x17B7;&#x1785;&#x17D2;&#x1785;&#x179F;&#x1784;&#x17D2;&#x1782;&#x1798;&#x1787;&#x1793;&#x1794;&#x1791; &#x1793;&#x17C5;&#x1783;&#x17BB;&#x17C6;&#x1782;&#x1784;&#x1787;&#x17D0;&#x1799; &#x179F;&#x17D2;&#x179A;&#x17BB;&#x1780;&#x17A2;&#x17BC;&#x179A;&#x17B6;&#x1784;&#x17AA; &#x1781;&#x17C1;&#x178F;&#x17D2;&#x178F;&#x1780;&#x17C6;&#x1796;&#x1784;&#x17CB;&#x1785;&#x17B6;&#x1798;</subfield>
  </datafield>
  <datafield tag="260" ind1=" " ind2=" ">
    <subfield code="a">Phnom Penh</subfield>
    <subfield code="b">RUA</subfield>
    <subfield code="c">2010</subfield>
  </datafield>
  <datafield tag="300" ind1=" " ind2=" ">
    <subfield code="a">x, 62p.</subfield>
    <subfield code="b">ill.</subfield>
    <subfield code="c">29cm.</subfield>
  </datafield>
  <datafield tag="856" ind1=" " ind2=" ">
    <subfield code="u">https://drive.google.com/file/d/1uUWqp83j9a__rWJUHvnFJImhM66LiPSy/view?usp=sharing</subfield>
  </datafield>
  <datafield tag="942" ind1=" " ind2=" ">
    <subfield code="c">AED</subfield>
  </datafield>
  <datafield tag="999" ind1=" " ind2=" ">
    <subfield code="c">4921</subfield>
    <subfield code="d">4921</subfield>
  </datafield>
  <datafield tag="952" ind1=" " ind2=" ">
    <subfield code="0">0</subfield>
    <subfield code="1">0</subfield>
    <subfield code="2">ddc</subfield>
    <subfield code="4">0</subfield>
    <subfield code="6">AED_KHA_2010_000000000000000_B245_OR_1</subfield>
    <subfield code="7">0</subfield>
    <subfield code="9">25741</subfield>
    <subfield code="a">LBB</subfield>
    <subfield code="b">LBB</subfield>
    <subfield code="c">B245</subfield>
    <subfield code="d">2015-12-21</subfield>
    <subfield code="o">AED KHA 2010 B245 Or.1</subfield>
    <subfield code="p">RUA031720</subfield>
    <subfield code="r">2015-12-21</subfield>
    <subfield code="w">2015-12-21</subfield>
    <subfield code="y">AED</subfield>
  </datafield>
  <datafield tag="952" ind1=" " ind2=" ">
    <subfield code="0">0</subfield>
    <subfield code="1">0</subfield>
    <subfield code="2">ddc</subfield>
    <subfield code="4">0</subfield>
    <subfield code="6">AED_KHA_2010_000000000000000_B245_OR_2</subfield>
    <subfield code="7">0</subfield>
    <subfield code="9">25742</subfield>
    <subfield code="a">LBB</subfield>
    <subfield code="b">LBB</subfield>
    <subfield code="c">B245</subfield>
    <subfield code="d">2015-12-21</subfield>
    <subfield code="o">AED KHA 2010 B245 Or.2</subfield>
    <subfield code="p">RUA031897</subfield>
    <subfield code="r">2015-12-21</subfield>
    <subfield code="w">2015-12-21</subfield>
    <subfield code="y">AED</subfield>
  </datafield>
  <datafield tag="952" ind1=" " ind2=" ">
    <subfield code="0">0</subfield>
    <subfield code="1">0</subfield>
    <subfield code="2">ddc</subfield>
    <subfield code="4">0</subfield>
    <subfield code="6">AED_KHA_2010_000000000000000_B245_OR_3</subfield>
    <subfield code="7">0</subfield>
    <subfield code="9">25743</subfield>
    <subfield code="a">LBB</subfield>
    <subfield code="b">LBB</subfield>
    <subfield code="c">B245</subfield>
    <subfield code="d">2015-12-21</subfield>
    <subfield code="o">AED KHA 2010 B245 Or.3</subfield>
    <subfield code="p">RUA047490</subfield>
    <subfield code="r">2015-12-21</subfield>
    <subfield code="w">2015-12-21</subfield>
    <subfield code="y">AED</subfield>
  </datafield>
  <datafield tag="952" ind1=" " ind2=" ">
    <subfield code="0">0</subfield>
    <subfield code="1">0</subfield>
    <subfield code="2">ddc</subfield>
    <subfield code="4">0</subfield>
    <subfield code="6">AED_KHA_2010_000000000000000_B245_OR_4</subfield>
    <subfield code="7">0</subfield>
    <subfield code="9">25744</subfield>
    <subfield code="a">LBB</subfield>
    <subfield code="b">LBB</subfield>
    <subfield code="c">B245</subfield>
    <subfield code="d">2015-12-21</subfield>
    <subfield code="l">1</subfield>
    <subfield code="o">AED KHA 2010 B245 Or.4</subfield>
    <subfield code="p">RUA032589</subfield>
    <subfield code="r">2016-11-04</subfield>
    <subfield code="s">2016-10-26</subfield>
    <subfield code="w">2015-12-21</subfield>
    <subfield code="y">AED</subfield>
  </datafield>
  <datafield tag="952" ind1=" " ind2=" ">
    <subfield code="0">0</subfield>
    <subfield code="1">0</subfield>
    <subfield code="2">ddc</subfield>
    <subfield code="4">0</subfield>
    <subfield code="6">AED_KHA_2010_000000000000000_B245_OR_5</subfield>
    <subfield code="7">0</subfield>
    <subfield code="9">25745</subfield>
    <subfield code="a">LBB</subfield>
    <subfield code="b">LBB</subfield>
    <subfield code="c">B245</subfield>
    <subfield code="d">2015-12-21</subfield>
    <subfield code="o">AED KHA 2010 B245 Or.5</subfield>
    <subfield code="p">RUA031649</subfield>
    <subfield code="r">2015-12-21</subfield>
    <subfield code="w">2015-12-21</subfield>
    <subfield code="y">AED</subfield>
  </datafield>
  <datafield tag="952" ind1=" " ind2=" ">
    <subfield code="0">0</subfield>
    <subfield code="1">0</subfield>
    <subfield code="2">ddc</subfield>
    <subfield code="4">0</subfield>
    <subfield code="6">AED_KHA_2010_000000000000000_B245_OR_6</subfield>
    <subfield code="7">0</subfield>
    <subfield code="9">25746</subfield>
    <subfield code="a">LBB</subfield>
    <subfield code="b">LBB</subfield>
    <subfield code="c">B245</subfield>
    <subfield code="d">2015-12-21</subfield>
    <subfield code="o">AED KHA 2010 B245 Or.6</subfield>
    <subfield code="p">RUA046767</subfield>
    <subfield code="r">2015-12-21</subfield>
    <subfield code="w">2015-12-21</subfield>
    <subfield code="y">AED</subfield>
  </datafield>
  <datafield tag="952" ind1=" " ind2=" ">
    <subfield code="0">0</subfield>
    <subfield code="1">0</subfield>
    <subfield code="2">ddc</subfield>
    <subfield code="4">0</subfield>
    <subfield code="6">AED_KHA_2010_000000000000000_B245_OR_7</subfield>
    <subfield code="7">0</subfield>
    <subfield code="9">25747</subfield>
    <subfield code="a">LBB</subfield>
    <subfield code="b">LBB</subfield>
    <subfield code="c">B245</subfield>
    <subfield code="d">2015-12-21</subfield>
    <subfield code="o">AED KHA 2010 B245 Or.7</subfield>
    <subfield code="p">RUA032505</subfield>
    <subfield code="r">2015-12-21</subfield>
    <subfield code="w">2015-12-21</subfield>
    <subfield code="y">AED</subfield>
  </datafield>
  <datafield tag="952" ind1=" " ind2=" ">
    <subfield code="0">0</subfield>
    <subfield code="1">0</subfield>
    <subfield code="2">ddc</subfield>
    <subfield code="4">0</subfield>
    <subfield code="6">AED_KHA_2010_000000000000000_B245_OR_8</subfield>
    <subfield code="7">0</subfield>
    <subfield code="9">25748</subfield>
    <subfield code="a">LBB</subfield>
    <subfield code="b">LBB</subfield>
    <subfield code="c">B245</subfield>
    <subfield code="d">2015-12-21</subfield>
    <subfield code="o">AED KHA 2010 B245 Or.8</subfield>
    <subfield code="p">RUA032353</subfield>
    <subfield code="r">2015-12-21</subfield>
    <subfield code="w">2015-12-21</subfield>
    <subfield code="y">AED</subfield>
  </datafield>
</record>
